| 000 | 00578nam a2200229Ia 4500 | ||
|---|---|---|---|
| 003 | OSt | ||
| 005 | 20221006164758.0 | ||
| 006 | a|||||r|||| 00| 0 | ||
| 007 | ta | ||
| 008 | 221006b |||||||| |||| 00| 0 eng d | ||
| 024 | _a7,157 | ||
| 037 | _cTextual | ||
| 040 |
_aFML _cFML _beng |
||
| 041 |
_2eng _aeng |
||
| 082 | _aN44, F2 | ||
| 100 |
_aBlacker J. F. Au. _9678308 |
||
| 245 | 0 | _aABC On Indian Art | |
| 260 |
_aLondon _bStanley Paul U. K. _c1922 |
||
| 300 |
_a302 _ccm. |
||
| 942 |
_hN44, F2 _cTEXL _2CC |
||
| 999 |
_c1118442 _d1118442 |
||